000 00659nam a22001815i 4500
001 159923
003 ES-MaACL
005 20260304173616.0
008 040914q1890 fr a |||| | fre d
080 _a771.3
245 0 0 _aSupplément aux tarifs d'appareils et d'accessoires pour projections
_b: nº 67.
260 _aParis :
_bA. Molteni,
_c[ca. 1890] (
_fTyp. de E. Plon, Nourrit et Cie.)
300 _a8 p. :
_bil. ;
_c23 cm.
650 4 _aFotografía-
_xMaterial y equipo
_912958
700 1 _aMolteni, Alfred,
_d1837-1907
_9174737
852 4 _aES-MaACL
_jT-1103-F-10
_z- Enc. hol.
_z- Enc. en un vol. facticio
999 _c159923
_d159923